| Record ID | marc_records_scriblio_net/part15.dat:17209276:978 |
| Source | Scriblio |
| Download Link | /show-records/marc_records_scriblio_net/part15.dat:17209276:978?format=raw |
LEADER: 00978cam 2200265 a 4500
001 2004020946
003 DLC
005 20051005163617.0
008 040903s2005 ctuab b 001 0 eng
010 $a 2004020946
020 $a0300106610 (alk. paper)
040 $aDLC$cDLC$dDLC
042 $apcc
050 00 $aPN686.G7$bG64 2005
082 00 $a398.4$222
100 1 $aGoering, Joseph Ward,$d1947-
245 14 $aThe Virgin and the Grail :$borigins of a legend /$cJoseph Goering.
260 $aNew Haven, Conn. :$bYale University Press,$cc2005.
300 $axii, 188 p. :$bill. (some col.), 1 map ;$c22 cm.
504 $aIncludes bibliographical references (p. [159]-181) and index.
650 0 $aGrail$xLegends$xHistory and criticism.
600 00 $aMary,$cBlessed Virgin, Saint$vLegends$xHistory and criticism.
650 0 $aArthurian romances$xHistory and criticism.
650 0 $aGrail in art.
856 41 $3Table of contents$uhttp://www.loc.gov/catdir/toc/ecip051/2004020946.html